Sports Quiz

Random Sports or Football Quiz

Kansas Jayhawks Football Team Captains of the 2000's Quiz Stats

 Plays Quiz not verified by Sporcle

Score 0/46 Timer 10:00
0 Plays Today
Captains % Correct
Todd Reesing
95.1%
Todd Reesing
95.1%
Aqib Talib
90.2%
Kerry Meier
90.2%
Darrell Stuckey
85.4%
Jake Sharp
78%
Nick Reid
75.6%
Mike Rivera
73.2%
Mike Rivera
73.2%
Kevin Kane
68.3%
Brandon McAnderson
63.4%
Joe Mortensen
63.4%
Bill Whittemore
58.5%
James McClinton
58.5%
James McClinton
58.5%
Charles Gordon
56.1%
Banks Floodman
51.2%
Banks Floodman
51.2%
Banks Floodman
51.2%
Derek Fine
48.8%
Derek Fine
48.8%
Brandon Rideau
43.9%
Harrison Hill
36.6%
Captains % Correct
Ryan Cantrell
36.6%
Nate Dwyer
26.8%
David Ochoa
26.8%
David Ochoa
26.8%
David McMillan
24.4%
Adrian Jones
22%
Carl Nesmith
19.5%
Termaine Fulton
19.5%
Travis Watkins
19.5%
Travis Watkins
19.5%
Dylen Smith
17.1%
Greg Cole
17.1%
Leo Etinne
17.1%
Joe Vaughn
17.1%
Moran Norris
14.6%
Justin Hartwig
14.6%
Zac Wegner
9.8%
Brandon Wier
9.8%
Roger Ross
7.3%
Zach Dyer
7.3%
Marcus Rogers
4.9%
Justin Sands
2.4%
John Oddonetto
0%

You're not logged in!

Compare scores with friends on all Sporcle quizzes.
Join for Free
OR
Log In

You Might Also Like...

Show Comments

Extras

Top Quizzes Today


Score Distribution

Your Account Isn't Verified!

In order to create a playlist on Sporcle, you need to verify the email address you used during registration. Go to your Sporcle Settings to finish the process.

Report this User

Report this user for behavior that violates our Community Guidelines.

Details: